La vida entre el judaísmo y el cristianismo en la Nueva España: 1580-1606

Guardado en:
Detalles Bibliográficos
Autor principal: Uchmany, Eva Alexandra (Autor)
Formato: Libro
Lenguaje:español
Publicado: Ciudad de México Fondo de Cultura Económica 1992
Materias:
Etiquetas: Agregar Etiqueta
Sin Etiquetas, Sea el primero en etiquetar este registro!

MARC

LEADER 00000nam a2200000 a 4500
001 UCY0038
003 CL-VaPUC
008 940707e19920000MX |||||||||||||||||spa|d
020 |a 9681638891 
082 0 4 |a 277.2  |b UCH  |2 21 
100 0 |a Uchmany, Eva Alexandra  |e author  |9 327612 
245 1 3 |a La vida entre el judaísmo y el cristianismo en la Nueva España: 1580-1606 
300 |a 477 p 
942 |c BK 
945 |d 19940707 00:00:00  |a aalvarez 
260 |a Ciudad de México  |b Fondo de Cultura Económica  |c 1992 
650 7 |a HISTORIA COLONIA ESPAÑOLA 1540-1810  |2 CL-VaPUC  |9 268555 
650 0 |a Religión   |9 255164 
651 0 |a México  |9 255269 
583 |a last modification  |c 19940707 00:00:00  |k Rodrigo Vera 
999 |c 229133  |d 229131 
952 |0 0  |1 0  |4 0  |6 277_200000000000000_UCH_1992  |7 0  |8 A  |9 229756  |a BIBTEO  |b BIBTEO  |d 2019-11-15  |i 298833K  |o 277.2 UCH 1992  |p 298833K  |r 2025-01-17  |w 2019-11-15  |y BK  |k ICR